Statistics for WWE Universal Champions

Click here to take the quiz!

General Stats

  • This quiz has been taken 2,140 times
    (794 since last reset)
  • The average score is 7 of 8

Answer Stats

Number Last Answer % Correct
22019Seth Rollins
96%
32019Brock Lesnar
95%
12018Roman Reigns
95%
22020Goldberg
90%
12016Finn Balor
89%
12020Braun Strowman
87%
12019Bray Wyatt
87%
12016Kevin Owens
85%

Score Distribution

Percentile by Number Answered

Percent of People with Each Score

Your Score History

You have not taken this quiz since the last reset